[Event "New York 1000 GM Fall IM-B"]
[Site "New York"]
[Date "2023.11.10"]
[Round "5"]
[White "Lee, Megan Shuen Hui"]
[Black "Wongso, Steve"]
[Result "0-1"]
[WhiteElo "2234"]
[BlackElo "2133"]
[PlyCount "80"]
[EventDate "2023.11.08"]
[EventType "tourn"]
[EventRounds "9"]
[EventCountry "USA"]
[SourceTitle "CB46_2023"]
[SourceDate "2023.11.15"]
[SourceVersion "1"]
[SourceVersionDate "2023.11.15"]
[SourceQuality "1"]

1. e4 e5 2. Nf3 Nc6 3. Bc4 Nf6 4. d4 exd4 5. e5 Ng4 6. 0-0 d6 7. exd6 Bxd6 8. Re1+ Kf8 9. Nbd2 Nge5 10. Nxe5 Nxe5 11. Bb3 Qh4 12. h3 Bxh3 13. gxh3 Qxh3 14. Bd5 Nd3 15. Bg2 Qh2+ 16. Kf1 Nxe1 17. Qxe1 Qh5 18. Nf3 Re8 19. Qd1 Qb5+ 20. Kg1 c5 21. c3 d3 22. a4 Qa6 23. Be3 h6 24. Nd2 b6 25. Bd5 Qc8 26. Qf3 Re7 27. Ne4 Bc7 28. a5 Kg8 29. axb6 Bxb6 30. b4 Kh7 31. bxc5 Bc7 32. Qh5 Rf8 33. Nf6+ gxf6 34. Bxh6 Rh8 35. Bxf7 Rxf7 36. Qxf7+ Kxh6 37. Qxf6+ Kh5 38. Ra4 Rg8+ 39. Kf1 Qh3+ 40. Ke1 Re8+ 0-1

[Event "Las Vegas 1000 GM op"]
[Site "Las Vegas"]
[Date "2023.06.10"]
[Round "4"]
[White "Rajaram, Rohan"]
[Black "Wongso, Steve"]
[Result "1-0"]
[WhiteElo "2138"]
[BlackElo "2069"]
[PlyCount "103"]
[EventDate "2023.06.08"]
[EventType "swiss"]
[EventRounds "9"]
[EventCountry "USA"]
[SourceTitle "CBM 214 Extra"]
[Source "ChessBase"]
[SourceDate "2023.07.31"]
[SourceVersion "1"]
[SourceVersionDate "2023.07.31"]
[SourceQuality "1"]

1. d4 Nf6 2. c4 g6 3. g3 Bg7 4. Bg2 0-0 5. Nc3 d6 6. Nf3 Nc6 7. 0-0 a6 8. e4 Rb8 9. a4 Na5 10. b3 c5 11. e5 dxe5 12. dxe5 Ng4 13. Bf4 Qxd1 14. Raxd1 Nxb3 15. h3 Nh6 16. Nd5 e6 17. Nf6+ Kh8 18. Ng5 Nd4 19. Ngxh7 Rd8 20. Ng5 Bd7 21. Nxd7 Rxd7 22. Ne4 Rc7 23. Kh2 Nhf5 24. Rb1 b6 25. Rfe1 Nc6 26. Nd6 Nfd4 27. h4 Rd7 28. Ne4 Rc7 29. Nd6 Bf8 30. Ne4 Nb4 31. Red1 Bg7 32. Rxd4 cxd4 33. Rxb4 a5 34. Rb2 Rxc4 35. Nd6 Rxa4 36. Nxf7+ Kg8 37. Ng5 Rb4 38. Rd2 Re8 39. Be4 a4 40. Bxg6 Re7 41. Rc2 a3 42. Rc8+ Bf8 43. Ra8 Rb2 44. Kg2 a2 45. h5 Kg7 46. Be4 Kg8 47. h6 b5 48. h7+ Rxh7 49. Bxh7+ Kg7 50. Ra7+ Kh8 51. Bg6 d3 52. Rh7+ 1-0

[Event "Naperville Shamkovich Memorial"]
[Site "Naperville"]
[Date "2023.06.04"]
[Round "8"]
[White "Wongso, Steve"]
[Black "Rorrer, Grayson"]
[Result "0-1"]
[WhiteElo "2069"]
[BlackElo "2263"]
[PlyCount "126"]
[EventDate "2023.05.31"]
[EventType "tourn"]
[EventRounds "9"]
[EventCountry "USA"]
[EventCategory "1"]
[SourceTitle "CBM 214 Extra"]
[Source "ChessBase"]
[SourceDate "2023.07.31"]
[SourceVersion "1"]
[SourceVersionDate "2023.07.31"]
[SourceQuality "1"]

1. e4 c5 2. Nf3 d6 3. d4 cxd4 4. Nxd4 Nf6 5. Nc3 a6 6. Bc4 e6 7. Be3 b5 8. Bb3 Qc7 9. f3 Be7 10. Qd2 0-0 11. g4 Bb7 12. g5 Nfd7 13. 0-0-0 Nc5 14. Kb1 Nbd7 15. h4 b4 16. Nce2 Nxb3 17. cxb3 Ne5 18. Ng3 a5 19. h5 a4 20. bxa4 Nc4 21. Qc2 Rfc8 22. Bc1 d5 23. Qg2 b3 24. axb3 Na5 25. g6 Nxb3 26. gxf7+ Kxf7 27. Nxb3 Qc4 28. Rd4 Qxb3 29. Qd2 Rxa4 30. Rxa4 Qxa4 31. exd5 Bxd5 32. Qf4+ Qxf4 33. Bxf4 Bxf3 34. Rf1 Bd5 35. Be5+ Bf6 36. Rf4 Ke7 37. Bxf6+ gxf6 38. Rg4 f5 39. Rg7+ Kd6 40. Ne2 Bf3 41. Nc3 Bxh5 42. Rxh7 Bf3 43. Kc2 f4 44. Kd3 Ke5 45. Rd7 Rb8 46. Kc2 Bh5 47. Rd2 Kf5 48. Rh2 Bg4 49. Rh7 e5 50. Re7 Bf3 51. Kc1 Kf6 52. Ra7 e4 53. Nd5+ Ke5 54. Ra5 Rc8+ 55. Nc3+ Kf6 56. Kc2 e3 57. Ra1 Kf5 58. Re1 Be4+ 59. Kd1 Bd3 60. Nd5 Ke4 61. Nc3+ Rxc3 62. bxc3 f3 63. Rh1 f2 0-1

[Event "PNWCC Online blitz JP 2nd"]
[Site "Chess.com INT"]
[Date "2020.03.21"]
[Round "10"]
[White "Zhao, Erick"]
[Black "Wongso, Steve"]
[Result "1-0"]
[WhiteElo "2039"]
[BlackElo "1917"]
[PlyCount "53"]
[EventDate "2020.03.21"]
[EventType "swiss (blitz)"]
[EventRounds "11"]
[EventCountry "USA"]
[SourceTitle "CBM 195 Extra"]
[Source "ChessBase"]
[SourceDate "2020.05.31"]
[SourceVersion "1"]
[SourceVersionDate "2020.05.31"]
[SourceQuality "1"]

1. e4 e5 2. Nf3 Nc6 3. Bb5 a6 4. Ba4 Nf6 5. 0-0 Be7 6. Re1 b5 7. Bb3 0-0 8. c3 d5 9. exd5 Nxd5 10. d4 exd4 11. cxd4 Bb4 12. Bd2 Bxd2 13. Qxd2 Be6 14. Nc3 Na5 15. Bxd5 Bxd5 16. Nxd5 Nc4 17. Qg5 f6 18. Qf5 g6 19. Qe6+ Kh8 20. b3 Nd6 21. Qe7 Qxe7 22. Rxe7 c6 23. Re6 Rad8 24. Nxf6 Nf5 25. Rd1 c5 26. d5 Kg7 27. Ne4 1-0